Les étoiles en images (3) - Statistiques

Statistiques générales
  • Ce quiz a été pris 16 fois
    2 depuis la dernière actualisation
  • Le résultat moyen est 16 sur 30
Statistiques - réponses
Par images Hint Réponse % Correct
Drapeau de pays // J Jordanie
100%
Drapeau de pays // K Kosovo
100%
Art / N La {nuit} étoilée
100%
Drapeau de pays // L Liberia
100%
Drapeau de pays // L Libye
100%
Drapeau de pays // M Maroc
100%
Drapeau de pays // M Mauritanie
100%
Drapeau de pays // M Micronésie
100%
Drapeau de pays // N Nouvelle-Zélande
100%
Drapeau de pays // O Ouzbékistan
100%
Drapeau de pays // P Pakistan
100%
Drapeau de pays // C RD {Congo}
100%
Films // G La {guerre} des étoiles
50%
Expression // L {Lire} dans les étoiles
50%
Armée // G Marque de {grade}
50%
Drapeau de pays // M Mozambique
50%
Drapeau de pays // P Panama
50%
Drapeau de pays // P Papouasie-Nouvelle-Guinée
50%
Drapeau de pays // P Philippines
50%
Décoration // B Insigne des {Blessés} militaires
0%
Roman // P La {place} de l étoile
0%
Art // L {L Arlésienne}
0%
Film // R S La {route semée} d'étoiles
0%
BD // L L étoile mystérieuse
0%
Lieu // 13 {Massif} de l Estérel
0%
Héraldique //M Meuble
0%
Expression // N B {Naître} sous une {bonne} étoile
0%
Décoration ancienne {Ordre} de l Etoile
0%
Mathématiques // P R {Polygone régulier} étoilé
0%
Sport - S Red Star de {Saint-Ouen}
0%
Aucun quiz correspondant
Distribution des résultats
% des personnes avec chaque résultat
Percentile par nombre de réponses
Votre historique - résultats
Vous n’avez pas pris ce quiz depuis la dernière actualisation